Disney Animated Characters 1937-2004 - Statistics

General Stats
  • This quiz has been taken 29 times
  • The average score is 125 of 476
Answer Stats
Character Name % Correct
Snow White
94%
Doc
89%
Grumpy
89%
Dopey
83%
Happy
83%
Sneezy
83%
The Evil Queen/The Witch
83%
Bambi
78%
Pinocchio
78%
Sleepy
78%
Christopher Robin
72%
Cinderella
72%
Dumbo
72%
Geppetto
72%
Lady
72%
Peter Pan
72%
Prince Charming
72%
Tigger
72%
Winnie The Pooh
72%
Ariel
67%
Bashful
67%
Alice
67%
Jasmine
67%
Oliver
67%
Piglet
67%
Robin Hood
67%
Tramp
67%
Ursula
67%
Abu
61%
Aladdin
61%
Beast
61%
Belle
61%
Captain
61%
Cruella De Vil
61%
Lady Tremaine
61%
Rabbit
61%
Hercules
61%
Jafar
61%
Jane
61%
King
61%
Lilo
61%
Mad Hatter
61%
Mr. Toad
61%
Mulan
61%
Pongo
61%
Prince Eric
61%
Pumbaa
61%
Quasimodo
61%
Queen of Hearts
61%
Rabbit
61%
Scar
61%
Simba
61%
Stitch
61%
Tarzan
61%
Thumper
61%
Timon
61%
Wendy Darling
61%
Zeus
61%
Captain Hook
56%
Eeyore
56%
Genie
56%
Jiminy Cricket
56%
John Smith
56%
Meg
56%
Merlin
56%
Mowgli
56%
Mufasa
56%
Nala
56%
Pocahontas
56%
Roo
56%
Sebastian
56%
Triton
56%
Baloo
50%
Chip
50%
Drizella
50%
Esmerelda
50%
Flounder
50%
Flower
50%
Gaston
50%
Gus
50%
Hades
50%
Hera
50%
Ichabod Crane
50%
John Darling
50%
Kanga
50%
Kuzco
50%
Lefou
50%
Little John
50%
Owl
50%
Phil
50%
Sultan
50%
White Rabbit
50%
Zazu
50%
Cheshire Cat
44%
Copper
44%
Duchess
44%
Ed
44%
Fa Li
44%
Kron
44%
Lumiere
44%
Maleficent
44%
Marie
44%
Mrs. Potts
44%
Nani
44%
Perdita
44%
Prince John
44%
Prince Phillip
44%
Princess
44%
Rafiki
44%
Thomas
44%
Tod
44%
Bagheera
39%
Clayton
39%
Cogsworth
39%
Fairy Godmother
39%
Faline
39%
Figaro
39%
Iago
39%
Jaq
39%
Kronk
39%
Maurice
39%
Michael Darling
39%
Milo
39%
Mushu
39%
Pacha
39%
Princess Aurora
39%
Sarabi
39%
Shang
39%
The Ringmaster
39%
Timothy Q. Mouse
39%
Yzma
39%
Ben
33%
BEN
33%
Frollo
33%
Jock
33%
Jumba
33%
Kaa
33%
Kenai
33%
King Louis
33%
Maid Marian
33%
Max
33%
Merryweather
33%
Mr. Smee
33%
Pain
33%
Panic
33%
Phoebus
33%
Scuttle
33%
Shan-Yu
33%
Shere Khan
33%
Stromboli
33%
Terk
33%
The Blue Fairy
33%
Toulouse
33%
Archimedes
28%
Berlioz
28%
Bernard
28%
Darling
28%
Lampwick
28%
Fauna
28%
Flora
28%
Flotsam
28%
Gideon
28%
Gopher
28%
Governor Ratcliffe
28%
Grand Duke
28%
Jasper
28%
Jenny
28%
Jetsam
28%
Jim Hawkins
28%
Kida
28%
King of Hearts
28%
Koda
28%
Lucifer
28%
Lucky
28%
Madam Mim
28%
Magic Mirror
28%
March Hare
28%
Meeko
28%
Miss Bianca
28%
Mrs. Jumbo
28%
O'Malley
28%
Penny
28%
Queen Leah
28%
Tweedle Dee
28%
Tweedle Dum
28%
Victor
28%
Vixey
28%
Wardrobe
28%
Aunt Sarah
22%
Bambi's Mother
22%
Banzai
22%
Basil
22%
Big Mama
22%
Bruno
22%
Chief
22%
Cobra Bubbles
22%
Amelia
22%
Dodger
22%
Edgar
22%
Flit
22%
Friar Tuck
22%
Great Prince of the Forest
22%
Helga
22%
Hermes
22%
Horace
22%
Hugo
22%
Kerchak
22%
King Richard
22%
Ling
22%
Lon
22%
Madame
22%
Mr. Stork
22%
Olivia
22%
Patch
22%
Percy
22%
Pleakly
22%
Professor Ratigan
22%
Queenie
22%
Rita
22%
Scat Cat
22%
Shenzi
22%
Sheriff of Nottingham
22%
Sir Hiss
22%
Sir Kay
22%
Sykes
22%
Tantor
22%
Taran
22%
Tito
22%
Trusty
22%
Wart
22%
Abigail
17%
Amos Slade
17%
Anatasia
17%
Brutus
17%
Carlo
17%
Carlotta
17%
Chicha
17%
Chien-Po
17%
Clopin
17%
Cody
17%
Colonel
17%
David Kawena
17%
Dawson
17%
Denahi
17%
Doorknob
17%
Dodo
17%
Eilonwy
17%
Einstein
17%
Fagin
17%
Fa Zhou
17%
Fidget
17%
Florian
17%
Grandmother Fa
17%
Grimsby
17%
Gurgi
17%
Jim Dear
17%
John Silver
17%
Kala
17%
Khan
17%
King Hubert
17%
King Stefan
17%
Lost Boys
17%
Louis
17%
Madame Medusa
17%
McLeech
17%
Mole
17%
Nakoma
17%
Nero
17%
Rolly
17%
Roquefort
17%
Rourke
17%
Sarafina
17%
Sitka
17%
The Coachman
17%
The Horned King
17%
The Rose
17%
Tibbs
17%
Uncle Waldo
17%
Widow Tweed
17%
Winston
17%
Yao
17%
Aladar
11%
Alameda Slim
11%
Alice's Sister
11%
Allan-A-Dale/The Rooster
11%
Apollo
11%
Audrey
11%
Badger
11%
Beaver
11%
Boomer
11%
Buck
11%
Captain Amelia
11%
Captain Gantu
11%
Carpenter
11%
Casey Jr.
11%
Caterpiller
11%
Chi Fu
11%
Colonel Hathi
11%
Cookie
11%
Cyril Proudbottom
11%
Desoto
11%
Diablo
11%
Doctor Doppler
11%
Ellie Mae
11%
Evinrude
11%
Flaversham
11%
Francis
11%
Frank
11%
Freckles
11%
Georgette
11%
Grace
11%
Grandmother Willow
11%
Hands
11%
Indian Chief
11%
Jake
11%
Joanna
11%
J. Worthington Foulfellow
11%
Kekata
11%
Lady Kluck
11%
Lucky Jack
11%
Luke
11%
Maggie
11%
Moliere
11%
Mrs. Calloway
11%
Mr. Snoops
11%
Nanny
11%
Ollie
11%
Orville
11%
Orwen
11%
Pearl
11%
Powhatan
11%
Rico
11%
Roger Radcliffe
11%
Roscoe
11%
Rufus
11%
Rutt
11%
Sarah Hawkins
11%
Sherlock Holmes
11%
Sir Ector
11%
Sis
11%
Skippy
11%
Tanana
11%
The Emporer
11%
The Hunstman
11%
The Matchmaker
11%
Tipo
11%
Tuke
11%
Walrus
11%
Wilbur
11%
Alcmene
6%
Angus McBadger
6%
Anita Radcliffe-Dearly
6%
Annie
6%
Archdeacon
6%
Atlanteen King
6%
Atropos
6%
Aunt Ena
6%
Baitmouse
6%
Bartholomew
6%
Baylene
6%
Billy Bones
6%
Bimbette
6%
Bird in the Tree
6%
Black Bart
6%
Boris
6%
Bruton
6%
Bull
6%
Bullfrog
6%
Chaca
6%
Chairman
6%
Chinese Cat
6%
Clotho
6%
Countess
6%
Dallben
6%
Danny
6%
Digger
6%
Dinky
6%
Dog Catcher
6%
Doli
6%
Dr. Sweet
6%
Eema
6%
English Cat
6%
Fairfolk
6%
Faloo
6%
Father Sexton
6%
Ffleddur
6%
First Ancestor
6%
Francoise
6%
Frou-Frou
6%
General Li
6%
German Mouse
6%
Giddy The Elephant
6%
Gramps
6%
Grewnge
6%
Inspector Graves
6%
Ipi
6%
Italian Cat
6%
Jeb
6%
Judge
6%
Junior
6%
King Eidileg
6%
Krebbs
6%
Lady Mouse
6%
Lafayette
6%
Larry
6%
Little Girl Squirrel
6%
Locoum
6%
Lord Duke
6%
Lucy
6%
Mechanic
6%
Melpomene
6%
Miss Birdwell
6%
Miss Kitty Mouse
6%
Morph
6%
Mother Koala
6%
Mr. Arrow
6%
Mr. Darling
6%
Mr. Harcourt
6%
Mrs. Darling
6%
Mrs. Hasagawa
6%
Mrs. Judson
6%
Mrs. Packard
6%
Mrs. Possum
6%
Mr. Winkie
6%
Napoleon
6%
Neera
6%
Nessus
6%
Nurse Mouse
6%
Nutsy
6%
Old Lady Squirrel
6%
Onus
6%
Orduu
6%
Orgoch
6%
Otto
6%
Percival Fauncewater
6%
Piggy
6%
Plio
6%
Porcupine
6%
Preston Whitmore
6%
Professor Porter
6%
Quizmaster
6%
Red
6%
Russian Cat
6%
Rusty
6%
Scroop
6%
Sheriff Sam Brown
6%
Sir Pellinore
6%
Skinny
6%
Squeeks
6%
Suri
6%
Tagalong
6%
The Chairman
6%
The Mouse Queen
6%
Thumper's Mother
6%
Toby
6%
Tony
6%
Towser
6%
Trigger
6%
Tug
6%
Vincent Snipes
6%
Vinny
6%
Walter Rat
6%
Watson
6%
Wesley
6%
Willie Brothers
6%
Yar
6%
Zini
6%
No matching quizzes found
Score Distribution
Percent of People with Each Score
Percentile by Number Answered
Your Score History
You have not taken this quiz